Tanzania Women's Rights Situation 2014
Сохранить в:
| Главный автор: | |
|---|---|
| Формат: | |
| Опубликовано: |
Dar es Salaam:
cWiLDAF,
2015
|
| Предметы: | |
| Метки: |
Добавить метку
Нет меток, Требуется 1-ая метка записи!
|
MARC
| LEADER | 00000nam a2200000 4500 | ||
|---|---|---|---|
| 005 | 20260702142356.0 | ||
| 020 | |a 9789987924653 |c AACR | ||
| 040 | |a DCC LIBRARY |b eng. | ||
| 082 | |a REF 323 .3409678 KIP | ||
| 100 | |a Kipobota, Clarence | ||
| 245 | |a Tanzania Women's Rights Situation 2014 |c / Clarence Kipobota, Judith N. Odunga,Anna Kulaya and Alicko Sengo | ||
| 260 | |a Dar es Salaam: |b cWiLDAF, |c 2015 | ||
| 300 | |a xvi,80.: |b Ill.; |c 26cm. | ||
| 504 | |a Includes selected references. | ||
| 650 | |a Women's Right Struggle in Tanzania | ||
| 650 | |a Political Empowerment | ||
| 650 | |a Women's Economic Empowerment | ||
| 650 | |a Social and Cultural rights | ||
| 650 | |a Complience with International Human Rights Standards | ||
| 942 | |c BK | ||
| 999 | |c 12788 |d 12788 | ||